| 000 | 00781nam a22002657a 4500 | ||
|---|---|---|---|
| 001 | BR8503694 | ||
| 003 | BR-BrBNA | ||
| 005 | 20230928092213.0 | ||
| 007 | ta | ||
| 008 | 230509b bl.||||| |||| 00| 0 por d | ||
| 040 |
_aBR-BrBNA _bpor _cBiblioteca Nacional de Agricultura |
||
| 041 | _a(Por) | ||
| 072 | _aE70 | ||
| 090 | _ E70 BR8503694 | ||
| 100 | 1 | _aAndrade, R. | |
| 110 | 1 |
_aUniversidade Federal de Vicosa, MG (Brasil) _0Tese (Magister Scientiae) |
|
| 245 | 1 | _aO mercado a termo como instrumento de orientacao de politica agricola | |
| 260 | 3 |
_aVicosa, MG (Brasil): _c1985. |
|
| 300 | _a107 p. | ||
| 500 | _a6 illus.; 25 tables; 46 ref.; Summary (Por) | ||
| 650 | _aMERCADO | ||
| 650 | _aPOLITICA AGRICOLA | ||
| 909 |
_a202309 _bLucia _c55 _dLucia Elande |
||
| 942 | _cBK | ||
| 999 |
_c37672 _d37672 |
||